| 000 | 00616nam a22001337a 4500 | ||
|---|---|---|---|
| 040 | _cRUA | ||
| 082 | _aAGR PRA 2018 B655 Or.1 | ||
| 100 | _aPRACH SKORIN,ប្រាជ្ញ ស្កូរីន | ||
| 245 | _aeffect of plant hill spacing on growth and yield of japanese chrysanthemum (chrysanthemum coronarium L.)ឥទិ្ធពលនៃចន្លោះគុម្ពទៅលើការដុះលូតលាស់និងទិន្នផលរបស់ដំណាំតាំងឪ | ||
| 260 |
_aphnom penh _bRUA _c2018 |
||
| 300 |
_axi;37p; _bill; _c29cm; |
||
| 856 | _u PRACH SKORIN | ||
| 942 | _cAGR | ||
| 999 |
_c18779 _d18779 |
||